| 000 | 00372 a2200169 4500 | ||
|---|---|---|---|
| 001 | 191151 | ||
| 020 | _a85-329-0229-4 | ||
| 040 | _cMagnum | ||
| 100 | _aMachado, Angelo | ||
| 240 | 1 | 0 |
_aA barba do velho da barba _lpor |
| 245 | 1 | 0 | _aA barba do velho da barba |
| 300 | _a24 | ||
| 362 | 0 | _a1996 | |
| 440 | 1 | _aLĂȘ | |
| 697 | _aLITERATURA INFANTO-JUVENIL | ||
| 942 | _cBK | ||
| 999 |
_c191151 _d191151 |
||